| 000 | 01317nam a2200301 i 4500 | ||
|---|---|---|---|
| 005 | 20221208092119.0 | ||
| 008 | 221130s2022 -uka j 000 1 eng d | ||
| 020 |
_a9781782268154 _cRM 46.50 _qpaperback |
||
| 040 |
_aPPAK _beng _cPPAK _erda |
||
| 082 | 0 | 4 |
_a823.92 _223 |
| 090 | 0 | 0 |
_a823.92 _bMUR _dK |
| 100 | 1 |
_aMurphy, Pip, _eauthor. |
|
| 245 | 1 | 0 |
_aOF MOUNTAINS AND MOTORS / _cPIP MURPHY ; Illustrated by ROBERTA TEDESCHI |
| 250 | _a2022 Edition | ||
| 264 | 1 |
_aLeicester : _bSweet Cherry Publishing , _c2022 |
|
| 300 |
_a125 pages : _billustrations ; _c20 cm. |
||
| 336 |
_atext _2rdacontent |
||
| 337 |
_aunmediated _2rdamedia |
||
| 338 |
_avolume _2rdacarrier |
||
| 490 | 1 |
_aChristie and Agatha's DETECTIVE AGENCY : _v 2 |
|
| 500 | _aIncludes a FREE AUDIOBOOK! QR code inside. | ||
| 520 | _aMany people are unhappy about Mr Alexander Jr's daring drive to the summit of Ben Nevis, but who is trying to sabotage the record-setting expedition? Willing passengers Christie and Agatha are keen to embark on a rip-roaring adventure. But soon they're involved in a thicker plot than they bargained for | ||
| 650 | 1 | 0 | _aChildren's stories. |
| 650 | 2 | 0 | _aDetective and mystery fiction. |
| 700 | 1 |
_aTedeschi, Roberta, _eillustrator. |
|
| 830 | 0 |
_aChristie and Agatha's detective agency : _n 2 |
|
| 942 |
_2ddc _cB |
||
| 999 |
_c190305 _d190305 |
||